Central Library OPAC University of Rajshahi

বাংলা জনপ্রিয় উপন্যাসের ধারা : (Record no. 79780)

MARC details
000 -LEADER
fixed length control field 01519nam a2200253 a 4500
001 - CONTROL NUMBER
RUCL Control Number 79780
003 - CONTROL NUMBER IDENTIFIER
rucl marc code BD-RjUL
005 - DATE AND TIME OF LATEST TRANSACTION
control field 20221011114708.0
008 - FIXED-LENGTH DATA ELEMENTS--GENERAL INFORMATION
fixed length control field 220511s2009 bg ||||| |||| 00| 0 eng d
035 ## - SYSTEM CONTROL NUMBER
system control number (BD-RjUL)79780
040 ## - CATALOGING SOURCE
Original cataloging agency BD-RjUL
Language of cataloging ben / eng
Transcribing agency BD-RjUL
Modifying agency BD-RjUL
041 ## - LANGUAGE CODE
Language code of Book ben
082 ## - DEWEY DECIMAL CLASSIFICATION NUMBER
Classification number 891.44039
Author mark and Year HAB 2009
DDC Edition number 23
100 ## - MAIN ENTRY--PERSONAL NAME
Personal name হাসান, মোহা. রকিবুল
9 (RLIN) 2902
245 01 - TITLE STATEMENT
Title বাংলা জনপ্রিয় উপন্যাসের ধারা :
Remainder of title মীর মশাররফ হোসেন থেকে আকবর হোসেন /
Statement of responsibility, etc মোহা. রকিবুল হাসান ;
Name of Supervisor/Co-Supervisor তত্ত্বাবধায়ক : খন্দকার ফরহাদ হোসেন
260 ## - PUBLICATION, DISTRIBUTION, ETC. (IMPRINT)
Place of publication, distribution, etc রাজশাহী :
Name of publisher, distributor, etc বাংলা বিভাগ, রাজশাহী বিশ্ববিদ্যালয়,
Date of publication, distribution, etc ২০০৯
300 ## - PHYSICAL DESCRIPTION
Pagination ২১৫ পাতা ;
Dimensions ২৯ সেমি.
502 ## - DISSERTATION NOTE
Dissertation note থিসিস (পিএইচ. ডি.) -- বাংলা বিভাগ, রাজশাহী বিশ্ববিদ্যালয়, ২০০৯
504 ## - BIBLIOGRAPHY, ETC. NOTE
Bibliography, etc গ্রন্থপঞ্জি : পাতা ২১২-২১৫
650 ## - SUBJECT ADDED ENTRY--TOPICAL TERM
Topical term or geographic name as entry element বাংলা উপন্যাস
General subdivision ইতিহাস ও সমালোচনা
9 (RLIN) 2907
Topical term or geographic name as entry element Bengali Fiction
General subdivision History and Criticism
9 (RLIN) 2908
700 ## - ADDED ENTRY--SUPERVISOR/CO-SUPERVISOR NAME
Personal name হোসেন, খন্দকার ফরহাদ, তত্ত্বাবধায়ক
9 (RLIN) 2909
942 ## - ADDED ENTRY ELEMENTS (KOHA)
Source of classification or shelving scheme Dewey Decimal Classification
Koha item type Theses
Holdings
Source of classification or shelving scheme Damaged status Not for loan Collection code Permanent Location Current Location Shelving location Date of accession Source of acquisition Full call number Barcode Date last seen Copy number Thesis
Dewey Decimal Classification   Not For Loan Theses Central Library, University of Rajshahi Central Library, University of Rajshahi Documentation Section 06/06/2010 Controller of Exam., R. U. BTHE 891.44309 HAB 2009 D3067 11/05/2022 C-1 Theses